شرح قانون الإيجراءات الجنائية : (Record no. 47678)
[ view plain ]
| 000 -LEADER | |
|---|---|
| fixed length control field | 01294nam a2200313 i 4500 |
| 003 - CONTROL NUMBER IDENTIFIER | |
| control field | EG-GICUC |
| 005 - DATE AND TIME OF LATEST TRANSACTION | |
| control field | 20260121101411.0 |
| 008 - FIXED-LENGTH DATA ELEMENTS--GENERAL INFORMATION | |
| fixed length control field | 251201s2011 ua ||||fr|||| 00| 0 ARA d |
| 040 ## - CATALOGING SOURCE | |
| Original cataloging agency | EG-GICUC |
| Language of cataloging | ara |
| Transcribing agency | EG-GICUC |
| Modifying agency | EG-GICUC |
| Description conventions | rda |
| 041 ## - LANGUAGE CODE | |
| Language code of text/sound track or separate title | ara |
| 082 04 - DEWEY DECIMAL CLASSIFICATION NUMBER | |
| Edition number | 21 |
| Classification number | 343.3 |
| Item number | م ح ,ش |
| 092 04 - LOCALLY ASSIGNED DEWEY CALL NUMBER (OCLC) | |
| Edition number | 21 |
| 099 ## - LOCAL FREE-TEXT CALL NUMBER (OCLC) | |
| Classification number | law 1 10 343.3 م ح ,ش 2 ed 2011 |
| 100 0# - MAIN ENTRY--PERSONAL NAME | |
| Personal name | محمود نجيب حسني |
| Relator term | مؤلف. |
| 245 1# - TITLE STATEMENT | |
| Title | شرح قانون الإيجراءات الجنائية : |
| Remainder of title | وفقا لأحداث التعديلات التشريعية / |
| Statement of responsibility, etc. | .تنقيح الدكتورة فوزية عبد الستار ؛ تاليف الدكتور محمود نجيب حسني |
| Name of part/section of a work | الجزء الثاني |
| 250 ## - EDITION STATEMENT | |
| Edition statement | الطبعة الرابعة |
| 264 ## - PRODUCTION, PUBLICATION, DISTRIBUTION, MANUFACTURE, AND COPYRIGHT NOTICE | |
| Place of production, publication, distribution, manufacture | القاهرة : |
| Name of producer, publisher, distributor, manufacturer | دار النهضة العربية ، |
| Date of production, publication, distribution, manufacture, or copyright notice | 2011. |
| 300 ## - PHYSICAL DESCRIPTION | |
| Extent | صفحات 1707: |
| Dimensions | .24 سم |
| 336 ## - CONTENT TYPE | |
| Source | rda content |
| Content type term | text |
| 337 ## - MEDIA TYPE | |
| Source | rda media |
| Media type term | Computer |
| 338 ## - CARRIER TYPE | |
| Source | rda carrier |
| Carrier type term | Online Resource |
| 650 1# - SUBJECT ADDED ENTRY--TOPICAL TERM | |
| Topical term or geographic name entry element | النظرية العامة لإثبات |
| Source of heading or term | qrmak |
| 650 1# - SUBJECT ADDED ENTRY--TOPICAL TERM | |
| Topical term or geographic name entry element | الإجراءات الجنائية |
| 651 1# - SUBJECT ADDED ENTRY--GEOGRAPHIC NAME | |
| Source of heading or term | qrmak |
| 710 0# - ADDED ENTRY--CORPORATE NAME | |
| Corporate name or jurisdiction name as entry element | تنقيح الدكتورة فوزية عبد الستار |
| 856 40 - ELECTRONIC LOCATION AND ACCESS | |
| Uniform Resource Identifier | <a href="https://fll.law.cu.edu.eg/fulltext/bks/B10-05721.pdf">https://fll.law.cu.edu.eg/fulltext/bks/B10-05721.pdf</a> |
| 905 ## - Cataloger and Reviser Names | |
| Cataloger Name: | Eman Ibrahim |
| 942 ## - ADDED ENTRY ELEMENTS (KOHA) | |
| Source of classification or shelving scheme | Dewey Decimal Classification |
| Koha item type | Books |
| Edition | 21 |
| Suppress in OPAC | No |
| Withdrawn status | Lost status | Source of classification or shelving scheme | Damaged status | Not for loan | Collection | Home library | Current library | Date acquired | Total checkouts | Full call number | Barcode | Date last seen | Copy number | Price effective from | Koha item type |
|---|---|---|---|---|---|---|---|---|---|---|---|---|---|---|---|
| Dewey Decimal Classification | Not for loan | القانون الجنائي | جــــامعة القــاهرة | مكتبة كلية الحقوق - المبنى الرئيسي | 01.12.2025 | law 1 10 343.3 م ح ,ش 2 ed 2011 1005721 V4, C1 | B10-05721 | 01.12.2025 | 1 | 01.12.2025 | Books |